Car brand by grill - Statistics

General Stats
  • This quiz has been taken 5 times
  • The average score is 6 of 16
Answer Stats
Picture Answer % Correct
Cadillac
75%
Jeep
75%
Alfa Romeo
50%
Audi
50%
BMW
50%
Bugatti
50%
Hummer
50%
Mercedes
50%
Rolls-Royce
50%
Volvo
50%
Skoda
25%
Aston Martin
0%
Bentley
0%
Kia
0%
Lexus
0%
Mazda
0%
No matching quizzes found
Score Distribution
Percent of People with Each Score
Percentile by Number Answered
Your Score History
You have not taken this quiz